header

Spaces of democracy (Record no. 72963)

MARC details
000 -LEADER
fixed length control field 01284nam a2200337Ia 4500
082 04 - DEWEY DECIMAL CLASSIFICATION NUMBER
Classification number 323.042
245 00 - TITLE STATEMENT
Title Spaces of democracy
260 ## - PUBLICATION, DISTRIBUTION, ETC. (IMPRINT)
Place of publication London :
Name of publisher SAGE,
Year of publication 2004.
300 ## - PHYSICAL DESCRIPTION
Number of Pages viii, 253 p. :
Other physical details ill., maps.
650 #0 - SUBJECT ADDED ENTRY--TOPICAL TERM
Topical Term Political participation.
Topical Term Democracy.
Topical Term Citizenship.
700 1# - ADDED ENTRY--PERSONAL NAME
Personal name Barnett, Clive.
Personal name Low, Murray.
856 40 - ELECTRONIC LOCATION AND ACCESS
Uniform Resource Identifier http://site.ebrary.com/lib/rucke/Doc?id=10076731

No items available.

© 2026 Rongo University
Contact us: librarian | system librarian | Rongo university